[Event "Tch-CRO 1stB Liga 2017"]
[Site "Mali Losinj"]
[Date "2017.09.28"]
[Round "1.52"]
[White "Rezan, Sasa"]
[Black "Popovic, Dusan"]
[Result "0-1"]
[WhiteElo "2430"]
[BlackElo "2528"]
[PlyCount "252"]
[EventDate "2017.09.28"]
[EventType "team"]
[EventRounds "9"]
[EventCountry "CRO"]

1. d4 Nf6 2. c4 g6 3. Nc3 Bg7 4. e4 O-O 5. Nf3 c6 6. Bd3 d6 7. O-O Bg4 8. Be3
Na6 9. h3 Bxf3 10. Qxf3 Nd7 11. Qe2 Nc7 12. d5 Na6 13. Rac1 Nac5 14. Bb1 a5 15.
b3 Qb6 16. Na4 Qb4 17. Bd2 Qa3 18. Nxc5 Qxc5 19. Rfd1 Rfe8 20. Be3 Qa3 21. dxc6
bxc6 22. c5 Nxc5 23. Rc4 Qb2 24. Qxb2 Bxb2 25. Bxc5 dxc5 26. Rxc5 Red8 27. Bd3
Rd6 28. Kf1 a4 29. Rc2 axb3 30. axb3 Be5 31. Ke2 Ra3 32. Bc4 Rxd1 33. Kxd1 c5
34. Ke2 Kg7 35. g3 g5 36. Rd2 e6 37. Kf3 h5 38. Re2 Kf6 39. Re1 Bd4 40. Re2 Ke5
41. Re1 Ra2 42. Re2 Ra1 43. Kg2 g4 44. hxg4 hxg4 45. Kh2 Rc1 46. Kg2 Ra1 47.
Kh2 Rc1 48. Kg2 Ra1 49. Kh2 Bc3 50. Kg2 Rd1 51. f3 gxf3+ 52. Kxf3 Rc1 53. Rh2
Kf6 54. Kg4 Re1 55. Rf2+ Ke7 56. Re2 Rg1 57. Re3 Bd4 58. Rf3 Re1 59. Bd3 Rh1
60. Rf1 Rh8 61. Bc4 Be5 62. Rf3 Rh7 63. Bb5 Rh8 64. Bc4 Rd8 65. Rd3 Rg8+ 66.
Kh3 Kf6 67. Rf3+ Kg6 68. Bb5 Rd8 69. Rd3 Rb8 70. Bc4 Kf6 71. Rf3+ Ke7 72. Kg4
Bd4 73. Kh3 Rb7 74. Ba6 Ra7 75. Bb5 Kd6 76. Be8 f6 77. Kg4 Rg7+ 78. Kh3 Rc7 79.
Bb5 Ke5 80. Rf4 Be3 81. Rg4 Bg5 82. Bc4 Rd7 83. Kg2 Rd2+ 84. Kf1 Rb2 85. Ke1
Kd6 86. e5+ Kxe5 87. Bd3 Rxb3 88. Re4+ Kd5 89. Bc4+ Kxe4 90. Bxb3 Kf3 91. Bxe6
Kxg3 92. Ke2 Kf4 93. Kd3 Ke5 94. Bc8 Bh6 95. Bb7 f5 96. Bc8 Bg5 97. Bd7 Bh4 98.
Bc8 Be7 99. Bd7 Bf8 100. Bc8 Kf4 101. Bd7 Kg5 102. Be6 Bd6 103. Ke3 Be5 104.
Kd3 Bd4 105. Bd7 Kf4 106. Bc8 Ke5 107. Bd7 f4 108. Bc6 Be3 109. Bf3 Kf5 110.
Be2 Bg1 111. Bf3 Bf2 112. Be2 Be3 113. Bf3 Kg5 114. Bd5 Kg4 115. Ke2 Kg3 116.
Kf1 f3 117. Bc4 Kf4 118. Bd5 Bd4 119. Ke1 Ke3 120. Bc4 Bf6 121. Bd5 f2+ 122.
Kf1 Bh4 123. Be6 Kd4 124. Bh3 c4 125. Ke2 c3 126. Bf5 Kc4 0-1

[Event "Tch-CRO 1stB Liga 2017"]
[Site "Mali Losinj"]
[Date "2017.09.28"]
[Round "1.53"]
[White "Medak, Bojan"]
[Black "Sinanovic, Muhamed"]
[Result "1/2-1/2"]
[WhiteElo "2398"]
[BlackElo "2376"]
[PlyCount "65"]
[EventDate "2017.09.28"]
[EventType "team"]
[EventRounds "9"]
[EventCountry "CRO"]

1. c4 Nf6 2. Nf3 g6 3. b4 Bg7 4. Bb2 O-O 5. g3 c6 6. Bg2 d5 7. cxd5 cxd5 8. O-O
a5 9. b5 a4 10. Na3 Bg4 11. d3 Bxf3 12. Bxf3 Nbd7 13. e4 Nb6 14. Qe2 e6 15.
Rac1 Nfd7 16. exd5 Nxd5 17. Bxd5 exd5 18. Bxg7 Kxg7 19. Qb2+ Nf6 20. Qd4 Re8
21. Rc5 Rc8 22. Rxc8 Qxc8 23. Nb1 Qg4 24. Qxg4 Nxg4 25. Nc3 d4 26. Nxa4 Ra8 27.
Nc5 Rxa2 28. Nxb7 Rb2 29. Nd6 Kf6 30. Ne4+ Kg7 31. Nd6 Kf6 32. Ne4+ Kg7 33. Nd6
1/2-1/2

[Event "Tch-CRO 1stB Liga 2017"]
[Site "Mali Losinj"]
[Date "2017.09.28"]
[Round "1.54"]
[White "Bilobrk, Franjo"]
[Black "Biti, Ozren"]
[Result "1/2-1/2"]
[WhiteElo "2362"]
[BlackElo "2345"]
[PlyCount "63"]
[EventDate "2017.09.28"]
[EventType "team"]
[EventRounds "9"]
[EventCountry "CRO"]

1. d4 d6 2. Nf3 g6 3. g3 Bg7 4. Bg2 Nd7 5. c4 e5 6. Nc3 Nh6 7. e4 O-O 8. O-O c6
9. h3 f5 10. dxe5 Nxe5 11. Nxe5 dxe5 12. Qxd8 Rxd8 13. Re1 Nf7 14. Be3 Be6 15.
Bf1 Nd6 16. Bg5 Re8 17. c5 Nf7 18. Be3 Rad8 19. Rad1 Kf8 20. Bg2 Rxd1 21. Rxd1
Rd8 22. Rc1 Bh6 23. Bxh6+ Nxh6 24. exf5 gxf5 25. b4 Rd4 26. a3 Nf7 27. f4 Rd3
28. Kf2 Rd2+ 29. Kg1 Rd3 30. Kf2 Rd2+ 31. Kg1 Rd3 32. Kf2 1/2-1/2

[Event "Tch-CRO 1stB Liga 2017"]
[Site "Mali Losinj"]
[Date "2017.09.28"]
[Round "1.55"]
[White "Sertic, Rudolf"]
[Black "Biliskov, Vjekoslav"]
[Result "0-1"]
[WhiteElo "2382"]
[BlackElo "2271"]
[PlyCount "164"]
[EventDate "2017.09.28"]
[EventType "team"]
[EventRounds "9"]
[EventCountry "CRO"]

1. c4 c5 2. Nf3 g6 3. g3 Bg7 4. Bg2 Nc6 5. Nc3 e6 6. O-O Nge7 7. d3 O-O 8. Bd2
d5 9. Rb1 b6 10. a3 Bb7 11. cxd5 exd5 12. b4 cxb4 13. axb4 d4 14. Ne4 Nd5 15.
b5 Nce7 16. Qa4 Nf5 17. Bg5 Qd7 18. g4 Nd6 19. Nxd6 Qxd6 20. Bd2 Nc3 21. Bxc3
dxc3 22. Qb4 Qd7 23. Rfc1 Rfe8 24. Rc2 a5 25. bxa6 Rxa6 26. h3 Bc6 27. Qc4 b5
28. Qb3 Rb8 29. Ne1 b4 30. e3 Ba4 31. Qc4 Bxc2 32. Nxc2 Rab6 33. Rb3 Rc8 34.
Qe4 Qa4 35. Qd5 Qb5 36. Qxb5 Rxb5 37. d4 Bf8 38. Kf1 Ra5 39. Ke2 Ra2 40. Kd3
Rc7 41. Bd5 Rb2 42. f4 Ra7 43. g5 Raa2 44. Nxb4 Bxb4 45. Rxb4 c2 46. Rxb2 Rxb2
47. Kd2 c1=Q+ 48. Kxc1 Re2 49. e4 Rf2 50. Bc6 Kf8 51. Kd1 Ke7 52. Ke1 Rxf4 53.
Ke2 Rh4 54. Kf3 Rxh3+ 55. Kf4 Rh4+ 56. Kg3 Rh5 57. Kf4 Rh4+ 58. Kg3 Rh1 59. Kf4
h5 60. gxh6 Rxh6 61. Bd5 Rh1 62. Bc4 Rg1 63. Be2 Kd6 64. Bf3 Ke7 65. Be2 Ra1
66. Ke3 f6 67. Bg4 Ra4 68. Bc8 Ra3+ 69. Ke2 g5 70. Bf5 Kd6 71. Kd2 Rf3 72. Bc8
Ra3 73. Bf5 Rb3 74. Bg4 Kc6 75. Be6 Rg3 76. Bc4 Kd6 77. Ba6 g4 78. Bc8 Rg1 79.
Ke3 g3 80. Bh3 Ra1 81. Bg2 Ra4 82. Bf3 Ra2 0-1

[Event "Tch-CRO 1stB Liga 2017"]
[Site "Mali Losinj"]
[Date "2017.09.28"]
[Round "1.56"]
[White "Lasic, Vitomir"]
[Black "Filipovic, Marko"]
[Result "0-1"]
[WhiteElo "1952"]
[BlackElo "2332"]
[PlyCount "62"]
[EventDate "2017.09.28"]
[EventType "team"]
[EventRounds "9"]
[EventCountry "CRO"]

1. d4 c5 2. d5 Nf6 3. Nc3 d6 4. Bg5 e5 5. e4 Be7 6. Be2 a6 7. a4 Nxd5 8. Bxe7
Nxe7 9. Nf3 Nbc6 10. Nd2 O-O 11. O-O Be6 12. Bc4 d5 13. exd5 Nxd5 14. Nce4 Qe7
15. c3 Rad8 16. Qe1 f5 17. Ng3 Nf4 18. Bxe6+ Qxe6 19. Nf3 e4 20. Qe3 Nxg2 21.
Ng5 Nxe3 22. Nxe6 Nxf1 23. Kxf1 g6 24. Ne2 Rd2 25. Nxf8 Kxf8 26. Nf4 Ke7 27.
Ke1 Rxb2 28. Nd5+ Ke6 29. Rd1 Ne5 30. Nc7+ Kf7 31. Rd5 Nf3+ 0-1

[Event "Tch-CRO 1stB Liga 2017"]
[Site "Mali Losinj"]
[Date "2017.09.29"]
[Round "2.11"]
[White "Stojanovski, Dejan"]
[Black "Medvegy, Zoltan"]
[Result "0-1"]
[WhiteElo "2454"]
[BlackElo "2550"]
[PlyCount "160"]
[EventDate "2017.09.28"]
[EventType "team"]
[EventRounds "9"]
[EventCountry "CRO"]

1. d4 Nf6 2. Nf3 e6 3. Bf4 c5 4. e3 Be7 5. h3 O-O 6. Nbd2 cxd4 7. exd4 b6 8. c3
Ba6 9. Bxa6 Nxa6 10. O-O Qc8 11. a4 Qb7 12. Qe2 Nb8 13. Rfe1 a6 14. Nc4 d5 15.
Nce5 Nbd7 16. Bg5 Bd6 17. Bf4 Qc7 18. Nxd7 Nxd7 19. Bxd6 Qxd6 20. Rec1 Qc6 21.
Ne1 a5 22. Nc2 Rfc8 23. Ne3 Nf6 24. Ng4 Ne4 25. Ne5 Qb7 26. Nd3 Nd6 27. Nf4
Rab8 28. Nh5 Qe7 29. Nf4 Qe8 30. Nd3 h6 31. g3 Nc4 32. Ne5 b5 33. axb5 Qxb5 34.
Nxc4 Rxc4 35. Rc2 a4 36. Ra3 Qc6 37. Qd1 Rb6 38. Rd2 g6 39. h4 Qb7 40. Rxa4
Rxa4 41. Qxa4 Rxb2 42. Rxb2 Qxb2 43. Qc6 Qb1+ 44. Kg2 Qe4+ 45. Kg1 Kg7 46. Qc5
Qe2 47. Qc7 Qe1+ 48. Kg2 Qe4+ 49. Kg1 Kf6 50. Kh2 Qf5 51. Kg2 Qe4+ 52. Kh2 Qf5
53. Kg2 g5 54. hxg5+ hxg5 55. Qc5 Qe4+ 56. Kg1 Qe1+ 57. Kg2 Qe4+ 58. Kg1 Qe2
59. Qc7 Kg6 60. Kg2 Qe4+ 61. Kg1 Qf3 62. Kf1 Kh5 63. c4 Kg4 64. cxd5 exd5 65.
Qd7+ f5 66. Qa7 Qd1+ 67. Kg2 Qf3+ 68. Kf1 Qh1+ 69. Ke2 Qb1 70. Qc5 Qe4+ 71. Kf1
Qh1+ 72. Ke2 Qe4+ 73. Kf1 Kh3 74. Qc3 g4 75. Qd2 Qb1+ 76. Qe1 Qe4 77. Qd2 Qh1+
78. Ke2 Kg2 79. Ke3 Qf1 80. Qe2 Qc1+ 0-1

[Event "Tch-CRO 1stB Liga 2017"]
[Site "Mali Losinj"]
[Date "2017.09.29"]
[Round "2.12"]
[White "Rezan, Sasa"]
[Black "Saric, Ante"]
[Result "0-1"]
[WhiteElo "2430"]
[BlackElo "2549"]
[PlyCount "98"]
[EventDate "2017.09.28"]
[EventType "team"]
[EventRounds "9"]
[EventCountry "CRO"]

1. d4 Nf6 2. c4 e6 3. Nf3 d5 4. Nc3 Nbd7 5. cxd5 exd5 6. Bg5 c6 7. Qc2 Be7 8.
e3 O-O 9. Bd3 Re8 10. O-O Nf8 11. Rab1 a5 12. a3 Bd6 13. Rfe1 Bg4 14. Nd2 Bh5
15. Nf1 Bg6 16. Bxg6 hxg6 17. b4 axb4 18. axb4 b5 19. e4 Ne6 20. Bxf6 Qxf6 21.
exd5 Nxd4 22. Rxe8+ Rxe8 23. Qd3 cxd5 24. Nxd5 Ne2+ 25. Qxe2 Rxe2 26. Nxf6+
gxf6 27. Ne3 Rd2 28. g3 f5 29. Rb3 f4 30. gxf4 Bxf4 31. Kg2 Kg7 32. h3 Bd6 33.
Kf3 Be7 34. Rc3 Bh4 35. Rc2 Rd4 36. Rb2 Bg5 37. Rb3 f5 38. Rc3 Rxb4 39. Rc7+
Kh6 40. Nd5 Rb3+ 41. Kg2 Bh4 42. Rc2 Rd3 43. Nc7 Rd4 44. Ne6 Rc4 45. Ra2 Rc6
46. Nd4 Rb6 47. Nb3 Bf6 48. Rd2 b4 49. Kf3 Rc6 0-1

[Event "Tch-CRO 1stB Liga 2017"]
[Site "Mali Losinj"]
[Date "2017.09.29"]
[Round "2.13"]
[White "Saric, Ibro"]
[Black "Sinanovic, Muhamed"]
[Result "1-0"]
[WhiteElo "2553"]
[BlackElo "2376"]
[PlyCount "77"]
[EventDate "2017.09.28"]
[EventType "team"]
[EventRounds "9"]
[EventCountry "CRO"]

1. e4 c5 2. Nf3 Nc6 3. d4 cxd4 4. Nxd4 g6 5. c4 Bg7 6. Be3 Nf6 7. Nc3 Ng4 8.
Qxg4 Nxd4 9. Qd1 Ne6 10. Qd2 d6 11. Rc1 Bd7 12. Be2 a5 13. b3 Bc6 14. f3 O-O
15. O-O Nc5 16. Rc2 Qb6 17. Rb1 Rfc8 18. Bf1 Qd8 19. a3 Qf8 20. b4 axb4 21.
axb4 Na4 22. Nd5 Bxd5 23. exd5 b6 24. Rb3 Rc7 25. Ra3 Rca7 26. Rca2 Qb8 27. Bd4
Bxd4+ 28. Qxd4 b5 29. cxb5 Nb6 30. Ra6 Rxa6 31. bxa6 Qa7 32. Rc2 f6 33. Rc6 Rb8
34. b5 Kf7 35. h4 Qd7 36. Kh2 Qa7 37. Qe3 Kg7 38. h5 g5 39. Bd3 1-0

[Event "Tch-CRO 1stB Liga 2017"]
[Site "Mali Losinj"]
[Date "2017.09.29"]
[Round "2.14"]
[White "Bilobrk, Franjo"]
[Black "Plenca, Julijan"]
[Result "1-0"]
[WhiteElo "2362"]
[BlackElo "2416"]
[PlyCount "117"]
[EventDate "2017.09.28"]
[EventType "team"]
[EventRounds "9"]
[EventCountry "CRO"]

1. Nf3 Nf6 2. c4 g6 3. d4 Bg7 4. g3 O-O 5. Bg2 d6 6. Nc3 Nc6 7. O-O a6 8. h3
Bd7 9. e4 e5 10. d5 Nd4 11. Be3 Nxf3+ 12. Qxf3 Ne8 13. Qe2 f5 14. f4 exf4 15.
Bxf4 Bd4+ 16. Kh2 Ng7 17. Qd2 Bf6 18. Rae1 Nh5 19. e5 dxe5 20. Bxe5 Bxe5 21.
Rxe5 Qf6 22. Qe3 Rae8 23. Rxe8 Rxe8 24. Qf2 Qe5 25. Bf3 Nf6 26. Qd2 b5 27. cxb5
axb5 28. a3 Qd6 29. Rf2 Kg7 30. Kg2 Qc6 31. Re2 Rxe2+ 32. Nxe2 Be8 33. Qc3 Qd6
34. Nd4 Bd7 35. Nc6 g5 36. Kf2 h5 37. Qb4 Qxb4 38. Nxb4 Kf7 39. Na6 Ke7 40.
Nxc7 Kd6 41. Ne6 g4 42. hxg4 hxg4 43. Bg2 Bxe6 44. dxe6 Ne8 45. Bf1 Nc7 46. Ke3
Kxe6 47. Kd4 Kd6 48. Bd3 f4 49. gxf4 b4 50. a4 g3 51. Bf1 Ne6+ 52. Ke3 Nc5 53.
a5 b3 54. Kf3 Na4 55. Bc4 Nxb2 56. Bxb3 Kc5 57. Kxg3 Nd3 58. Bc4 Nb4 59. a6 1-0

[Event "Tch-CRO 1stB Liga 2017"]
[Site "Mali Losinj"]
[Date "2017.09.29"]
[Round "2.15"]
[White "Matko, Ognjen"]
[Black "Biliskov, Vjekoslav"]
[Result "1/2-1/2"]
[WhiteElo "2330"]
[BlackElo "2271"]
[PlyCount "68"]
[EventDate "2017.09.28"]
[EventType "team"]
[EventRounds "9"]
[EventCountry "CRO"]

1. d4 d5 2. Nf3 e6 3. Bf4 Bd6 4. Bg3 Ne7 5. e3 c5 6. c3 Nbc6 7. Nbd2 b6 8. Bd3
Bb7 9. a4 h6 10. O-O f5 11. Re1 O-O 12. Nf1 Qc7 13. Rc1 e5 14. dxe5 Nxe5 15.
Nxe5 Bxe5 16. Qh5 Kh7 17. Rcd1 Rf6 18. Nd2 Bxg3 19. hxg3 Raf8 20. Nf3 g6 21.
Qh4 Kg7 22. a5 g5 23. Qa4 Ng6 24. axb6 axb6 25. Bb1 Bc6 26. Qc2 g4 27. Nh4 Nxh4
28. gxh4 g3 29. fxg3 Rg6 30. Qf2 Rxg3 31. Bxf5 Qe5 32. Rf1 Rxe3 33. Qf4 Qxf4
34. Rxf4 h5 1/2-1/2

[Event "Tch-CRO 1stB Liga 2017"]
[Site "Mali Losinj"]
[Date "2017.09.29"]
[Round "2.16"]
[White "Lasic, Vitomir"]
[Black "Bobanac, Miro"]
[Result "0-1"]
[WhiteElo "1952"]
[BlackElo "2292"]
[PlyCount "74"]
[EventDate "2017.09.28"]
[EventType "team"]
[EventRounds "9"]
[EventCountry "CRO"]

1. d4 Nf6 2. Nc3 d5 3. Bg5 c6 4. Nf3 Bf5 5. e3 e6 6. Bd3 Bg6 7. e4 Qa5 8. e5
Nfd7 9. Bxg6 hxg6 10. a3 c5 11. dxc5 Qxc5 12. Be3 Qa5 13. O-O a6 14. Re1 Nc6
15. Bf4 Be7 16. Qd2 O-O 17. Bg3 Rfd8 18. Qf4 Qc5 19. Bh4 Qc4 20. Qxc4 dxc4 21.
Bg3 Nc5 22. Rad1 b5 23. Ne2 Na4 24. Rb1 Rd7 25. b3 Nb6 26. Ra1 Rad8 27. h3 cxb3
28. cxb3 Rd3 29. b4 Nc4 30. Rec1 Rb3 31. Bf4 Rd5 32. Kf1 f6 33. exf6 gxf6 34.
h4 e5 35. Bg3 Kf7 36. Ne1 Nd4 37. Rc3 Nd2+ 0-1

[Event "Tch-CRO 1stB Liga 2017"]
[Site "Mali Losinj"]
[Date "2017.09.29"]
[Round "2.21"]
[White "Popovic, Dusan"]
[Black "Plat, Vojtech"]
[Result "1-0"]
[WhiteElo "2528"]
[BlackElo "2539"]
[PlyCount "129"]
[EventDate "2017.09.28"]
[EventType "team"]
[EventRounds "9"]
[EventCountry "CRO"]

1. e4 d6 2. d4 Nf6 3. Nc3 e5 4. Nf3 Nbd7 5. g4 Nxg4 6. Rg1 Ngf6 7. Bc4 h6 8.
Be3 c6 9. dxe5 dxe5 10. Qd3 Nh5 11. O-O-O Qf6 12. Nb5 cxb5 13. Bxb5 Qe6 14.
Nxe5 Nhf6 15. f4 Be7 16. Nxd7 Bxd7 17. e5 Bxb5 18. Qxb5+ Nd7 19. Qxb7 Rd8 20.
Rxg7 Qxa2 21. Qxa7 Qxa7 22. Bxa7 Ra8 23. Bd4 Nc5 24. f5 Bg5+ 25. Kb1 Rd8 26. c3
Nb3 27. Kc2 Nxd4+ 28. cxd4 Ke7 29. d5 Rhe8 30. f6+ Bxf6 31. exf6+ Kxf6 32. Rg2
Re5 33. d6 Ke6 34. Rgd2 Kd7 35. Rd5 Re6 36. R1d2 Rc8+ 37. Kd1 Rg6 38. Rf2 Rg1+
39. Kd2 Rcc1 40. Rdf5 Rgd1+ 41. Ke2 Rb1 42. Rxf7+ Kxd6 43. R2f6+ Ke5 44. Rxh6
Rg1 45. Rb6 Kd4 46. Rf3 Ke5 47. Rf2 Rg8 48. Kd3 Rd1+ 49. Kc2 Rh1 50. b4 Rh8 51.
Kb3 R1xh2 52. Rxh2 Rxh2 53. Kc4 Rc2+ 54. Kb5 Kd5 55. Rb7 Kd6 56. Ka6 Rb2 57. b5
Ra2+ 58. Kb6 Rb2 59. Rb8 Kd7 60. Ka7 Ra2+ 61. Kb7 Rb2 62. b6 Rc2 63. Rh8 Rb2
64. Rh1 Kd6 65. Rc1 1-0

[Event "Tch-CRO 1stB Liga 2017"]
[Site "Mali Losinj"]
[Date "2017.09.29"]
[Round "2.24"]
[White "Biti, Ozren"]
[Black "Vujakovic, Branko"]
[Result "1-0"]
[WhiteElo "2345"]
[BlackElo "2355"]
[PlyCount "73"]
[EventDate "2017.09.28"]
[EventType "team"]
[EventRounds "9"]
[EventCountry "CRO"]

1. e4 d5 2. exd5 Qxd5 3. Nf3 Bg4 4. Be2 Nc6 5. d4 O-O-O 6. c4 Qf5 7. Be3 Bxf3
8. Bxf3 Nxd4 9. Bxd4 Qe6+ 10. Be2 Qe4 11. O-O Qxd4 12. Qa4 e6 13. Nc3 Bd6 14.
Nb5 Qe5 15. Nxd6+ cxd6 16. Bf3 Kb8 17. Rfe1 Qc5 18. Re3 Nf6 19. Rc1 Rc8 20.
Rcc3 Rhd8 21. g3 Rd7 22. Rb3 Rcc7 23. Rec3 Qd4 24. Rd3 Qe5 25. Rb5 d5 26. Ra3
Qd4 27. Qb4 Qxc4 28. Qa5 Qd4 29. Rb4 Rc4 30. Rxc4 dxc4 31. Qb4 Nd5 32. Qf8+ Kc7
33. Ra5 Kb6 34. Qa3 a6 35. Qa4 Rc7 36. b4 Nc3 37. Rxa6+ 1-0

[Event "Tch-CRO 1stB Liga 2017"]
[Site "Mali Losinj"]
[Date "2017.09.29"]
[Round "2.26"]
[White "Filipovic, Marko"]
[Black "Brumen, Dinko"]
[Result "1-0"]
[WhiteElo "2332"]
[BlackElo "2338"]
[PlyCount "39"]
[EventDate "2017.09.28"]
[EventType "team"]
[EventRounds "9"]
[EventCountry "CRO"]

1. d4 Nf6 2. Nf3 e6 3. c4 d5 4. Nc3 Nbd7 5. Bg5 c6 6. e3 Qa5 7. cxd5 exd5 8.
Nd2 Ne4 9. Ncxe4 dxe4 10. Bh4 Nb6 11. Be2 Be6 12. O-O f5 13. f3 exf3 14. Nxf3
Nd5 15. Ng5 Bd7 16. e4 Nc7 17. Bh5+ g6 18. Nxh7 Kf7 19. Qg4 Rg8 20. exf5 1-0

[Event "Tch-CRO 1stB Liga 2017"]
[Site "Mali Losinj"]
[Date "2017.09.29"]
[Round "2.33"]
[White "Stocko, Josip"]
[Black "Stipic, Marko"]
[Result "1-0"]
[WhiteElo "2362"]
[BlackElo "2167"]
[PlyCount "83"]
[EventDate "2017.09.28"]
[EventType "team"]
[EventRounds "9"]
[EventCountry "CRO"]

1. e4 d6 2. d4 Nf6 3. Nc3 c6 4. f4 Qa5 5. Bd3 e5 6. Nf3 Nbd7 7. a4 Be7 8. Bd2
Qc7 9. O-O O-O 10. Kh1 exd4 11. Nxd4 Nc5 12. b4 Nxd3 13. cxd3 Re8 14. Qf3 Bf8
15. Qg3 g6 16. Nf3 d5 17. e5 Nh5 18. Qf2 Ng7 19. Rab1 Be6 20. Nd4 Nf5 21. Nce2
Rac8 22. Nxe6 fxe6 23. g4 Ng7 24. Nd4 b6 25. Be3 Qb7 26. f5 exf5 27. gxf5 gxf5
28. Rg1 Qf7 29. Qg3 c5 30. bxc5 bxc5 31. Nf3 Kh8 32. Bg5 f4 33. Qh4 Qh5 34. Qf2
Rb8 35. Rxb8 Rxb8 36. Bf6 h6 37. Nh4 Kh7 38. Qg2 Qf7 39. Ng6 Nh5 40. Nh8 f3 41.
Qxf3 Nxf6 42. Nxf7 1-0

[Event "Tch-CRO 1stB Liga 2017"]
[Site "Mali Losinj"]
[Date "2017.09.29"]
[Round "2.34"]
[White "Brzic, Roko"]
[Black "Goric, Esad"]
[Result "0-1"]
[WhiteElo "1942"]
[BlackElo "2285"]
[PlyCount "57"]
[EventDate "2017.09.28"]
[EventType "team"]
[EventRounds "9"]
[EventCountry "CRO"]

1. b3 e5 2. Bb2 d6 3. e3 Nf6 4. d4 Nbd7 5. c4 Be7 6. Nf3 e4 7. Nfd2 c6 8. Nc3
d5 9. Be2 O-O 10. Qc2 a6 11. f3 exf3 12. gxf3 dxc4 13. Bxc4 Nd5 14. Nxd5 Bh4+
15. Ke2 cxd5 16. Bxd5 Nf6 17. Bc4 Re8 18. Bd3 Bg5 19. Nc4 Be6 20. Be4 Nxe4 21.
fxe4 Bg4+ 22. Kd3 Bf3 23. Nd2 Rc8 24. Bc3 Bxh1 25. Rxh1 Qc7 26. Nf1 Qc6 27. Kd2
Rxe4 28. Qd3 Rxe3 29. Nxe3 0-1

[Event "Tch-CRO 1stB Liga 2017"]
[Site "Mali Losinj"]
[Date "2017.09.29"]
[Round "2.35"]
[White "Pucovski, Miroslav"]
[Black "Dunatov, Kresimir"]
[Result "1/2-1/2"]
[WhiteElo "2291"]
[BlackElo "1906"]
[PlyCount "84"]
[EventDate "2017.09.28"]
[EventType "team"]
[EventRounds "9"]
[EventCountry "CRO"]

1. e4 d6 2. d4 Nf6 3. Bd3 g6 4. c3 Bg7 5. Nf3 O-O 6. O-O Nbd7 7. Re1 e5 8. Bg5
h6 9. Bh4 c6 10. Nbd2 Qc7 11. a4 Nh5 12. dxe5 Nxe5 13. Nxe5 dxe5 14. Nc4 Nf4
15. Bf1 g5 16. Bg3 Rd8 17. Qc2 Be6 18. f3 Rd7 19. Ne3 Rad8 20. Red1 Qb6 21.
Rxd7 Rxd7 22. Bf2 Bb3 23. Qb1 Bf8 24. Ng4 Bc5 25. Qe1 Bxf2+ 26. Nxf2 a5 27. Kh1
Kg7 28. Ng4 f6 29. Ne3 Be6 30. b4 axb4 31. cxb4 Qd8 32. Rd1 Bb3 33. Rxd7+ Qxd7
34. a5 Be6 35. Qd1 Qxd1 36. Nxd1 Ng6 37. b5 cxb5 38. Bxb5 Nf8 39. Nb2 Bd7 40.
Bc4 Bc6 41. Nd3 Nd7 42. Nb4 Nb8 1/2-1/2

[Event "Tch-CRO 1stB Liga 2017"]
[Site "Mali Losinj"]
[Date "2017.09.29"]
[Round "2.36"]
[White "Malesevic, Elvino"]
[Black "Bubalovic, Davorin"]
[Result "1/2-1/2"]
[WhiteElo "1782"]
[BlackElo "2241"]
[PlyCount "132"]
[EventDate "2017.09.28"]
[EventType "team"]
[EventRounds "9"]
[EventCountry "CRO"]

1. e4 c5 2. Nf3 e6 3. Bc4 Qc7 4. O-O Ne7 5. Re1 Ng6 6. c3 Be7 7. Qc2 Nc6 8. d4
cxd4 9. cxd4 Nb4 10. Qe2 O-O 11. a3 Nc6 12. Nc3 a6 13. Be3 b5 14. Bd3 Nf4 15.
Qd2 Nxd3 16. Qxd3 Na5 17. Nd2 Nc4 18. Nxc4 bxc4 19. Qd2 Bb7 20. d5 d6 21. Rac1
Qd7 22. Red1 e5 23. Rc2 Rac8 24. Rdc1 f5 25. f3 a5 26. a4 fxe4 27. fxe4 Ba6 28.
Qe2 Rb8 29. Rf1 Rfc8 30. Qf2 Rf8 31. Qe1 Rxf1+ 32. Qxf1 Bh4 33. g3 Be7 34. Rf2
Qe8 35. Qc1 Qg6 36. Qe1 Rb3 37. Bc1 h5 38. Qe3 Rb7 39. Kg2 Bf6 40. Qf3 Rc7 41.
Be3 Bc8 42. h3 Rb7 43. Nb5 Be7 44. Bd2 Bd7 45. Bxa5 Bxb5 46. axb5 Rxb5 47. Bc3
Rb8 48. Qe2 Rc8 49. Kh2 h4 50. g4 Bg5 51. Rf3 Bf4+ 52. Kg2 Qe8 53. Bb4 Qd7 54.
Rc3 Bg3 55. Rxc4 Rb8 56. Ba3 Rf8 57. Qe3 Rf2+ 58. Kg1 Qf7 59. Rc1 Rf3 60. Qe2
Qa7+ 61. Bc5 Qf7 62. Rf1 Rxf1+ 63. Qxf1 Qxf1+ 64. Kxf1 dxc5 65. Ke2 Bf4 66. Kd3
Bg5 1/2-1/2

[Event "Tch-CRO 1stB Liga 2017"]
[Site "Mali Losinj"]
[Date "2017.09.29"]
[Round "2.41"]
[White "Sedlak, Nikola"]
[Black "Fercec, Nenad"]
[Result "1-0"]
[WhiteElo "2547"]
[BlackElo "2460"]
[PlyCount "63"]
[EventDate "2017.09.28"]
[EventType "team"]
[EventRounds "9"]
[EventCountry "CRO"]

1. e4 e5 2. Nf3 Nc6 3. Nc3 Nf6 4. Bb5 Bd6 5. a3 O-O 6. d3 h6 7. g4 Nh7 8. h4
Nd4 9. Bc4 Kh8 10. g5 c6 11. Nxd4 exd4 12. Ne2 Bc7 13. Nxd4 d5 14. exd5 cxd5
15. Bb3 Re8+ 16. Be3 Be5 17. Kd2 Qb6 18. c3 h5 19. Kc2 Bg4 20. f3 Bd7 21. Kb1
Rac8 22. Ka2 Qa5 23. Qd2 Nf8 24. Rae1 Bxd4 25. Bxd4 Ne6 26. Qf2 Ba4 27. Bxa4
Qxa4 28. Bxa7 b6 29. Bxb6 Rb8 30. f4 Nxf4 31. Rxe8+ Rxe8 32. Qd4 1-0

[Event "Tch-CRO 1stB Liga 2017"]
[Site "Mali Losinj"]
[Date "2017.09.29"]
[Round "2.42"]
[White "Tratar, Marko"]
[Black "Nemeth, Miklos"]
[Result "1/2-1/2"]
[WhiteElo "2465"]
[BlackElo "2489"]
[PlyCount "76"]
[EventDate "2017.09.28"]
[EventType "team"]
[EventRounds "9"]
[EventCountry "CRO"]

1. Nf3 Nf6 2. g3 b6 3. Bg2 Bb7 4. O-O e6 5. d3 d5 6. c4 Be7 7. cxd5 Nxd5 8. a3
O-O 9. Bd2 c5 10. Nc3 Bf6 11. Qc2 Nc6 12. Rfc1 Rc8 13. Qa4 a6 14. Rab1 Qd7 15.
Bg5 Nxc3 16. bxc3 b5 17. Qf4 Bxg5 18. Nxg5 Na5 19. Bxb7 Nxb7 20. Qe4 g6 21. Qh4
f6 22. Ne4 Kg7 23. c4 e5 24. Nc3 Nd6 25. cxb5 axb5 26. Nxb5 Nxb5 27. Qa4 Rb8
28. Rxc5 Qd4 29. Rc4 Nc3 30. Rxb8 Nxa4 31. Rxd4 exd4 32. Rb4 Nc3 33. Kf1 Rd8
34. a4 Rd5 35. h4 Kf7 36. Rb7+ Ke6 37. Rxh7 Nxa4 38. Rg7 Nc3 1/2-1/2

[Event "Tch-CRO 1stB Liga 2017"]
[Site "Mali Losinj"]
[Date "2017.09.29"]
[Round "2.44"]
[White "Glavas, Dragan"]
[Black "Trbojevic, Mladen"]
[Result "0-1"]
[WhiteElo "2285"]
[BlackElo "2338"]
[PlyCount "55"]
[EventDate "2017.09.28"]
[EventType "team"]
[EventRounds "9"]
[EventCountry "CRO"]

1. d4 Nf6 2. c4 g6 3. Nc3 d5 4. cxd5 Nxd5 5. Bd2 Nb6 6. e3 Bg7 7. f4 O-O 8. Nf3
a5 9. Rc1 Na6 10. Na4 Nxa4 11. Qxa4 b6 12. Bb5 c5 13. Bc3 cxd4 14. Bxd4 Nc5 15.
Qd1 Bxd4 16. Nxd4 e5 17. Nc6 Qh4+ 18. g3 Qh3 19. Bf1 Qe6 20. Nxe5 Bb7 21. Rg1
Rad8 22. Qc2 f6 23. Bc4 Bd5 24. Bxd5 Rxd5 25. e4 Rdd8 26. Nf3 Nd3+ 27. Kf1 Nxc1
28. Qxc1 0-1

[Event "Tch-CRO 1stB Liga 2017"]
[Site "Mali Losinj"]
[Date "2017.09.29"]
[Round "2.45"]
[White "Vernacki, Srdan"]
[Black "Ciganovic, Nikola"]
[Result "1-0"]
[WhiteElo "2324"]
[BlackElo "2238"]
[PlyCount "41"]
[EventDate "2017.09.28"]
[EventType "team"]
[EventRounds "9"]
[EventCountry "CRO"]

1. Nf3 Nf6 2. c4 g6 3. b4 Bg7 4. Bb2 O-O 5. e3 d6 6. Be2 c5 7. bxc5 dxc5 8. O-O
Qb6 9. Qc2 Bf5 10. d3 Nc6 11. a3 Rfd8 12. Nc3 Na5 13. e4 Bg4 14. e5 Ne8 15. Nd5
Qb3 16. Qd2 e6 17. Bd1 Nxc4 18. dxc4 Qxc4 19. Ne3 Qf4 20. Qc3 Rac8 21. g3 1-0

[Event "Tch-CRO 1stB Liga 2017"]
[Site "Mali Losinj"]
[Date "2017.09.29"]
[Round "2.46"]
[White "Novak, Danijel"]
[Black "Horvat, David"]
[Result "1/2-1/2"]
[WhiteElo "2317"]
[BlackElo "2211"]
[PlyCount "33"]
[EventDate "2017.09.28"]
[EventType "team"]
[EventRounds "9"]
[EventCountry "CRO"]

1. e4 c5 2. c3 d5 3. exd5 Qxd5 4. d4 g6 5. dxc5 Qxc5 6. Be3 Qc7 7. Na3 a6 8.
Qd2 Nd7 9. Nf3 Bg7 10. Be2 Ngf6 11. O-O O-O 12. Bf4 e5 13. Bh6 b5 14. Nc2 Bb7
15. Bxg7 Kxg7 16. a4 Nc5 17. Qg5 1/2-1/2